000 00791cam a22002777a 4500
003 CHAP
005 20220329134354.0
008 971013s1975 r 00010 d
010 _a19523
011 _a20495
035 _a24583
040 _cCHAP
082 _a630.3
_bD5 1975
245 0 _aDictionary of agriculture; German, English, French, Spanish
250 _a4 ed.
260 _aMadrid :
_bMundi Prensa,
_c1975
300 _a1000 p.
590 _aBATCH-UPD
_b10
_c20130110
_lUCH01
_h2017
590 _aCONVERSION
_b10
_c20130109
_lUCH01
_h1312
650 1 4 _aAgricultura
_xDiccionarios.
_91393
700 0 _aHaensch, Gunter
_ecomp.
_952203
790 _aDiccionario de agricultura
901 _aBK
942 _cLIBRO
949 _a630.3 D5 1975
_bBC
_cC
_d-56604
_eC
_h42017
_i24583
_si
999 _c19523
_d19523